[Event "VIE-ch (Women)"]
[Site "Vung Tau"]
[Date "2023.03.04"]
[Round "3"]
[White "Huynh, Phuc Minh Phuong"]
[Black "Dao, Nhat Minh"]
[Result "1-0"]
[WhiteElo "1274"]
[BlackElo "2000"]
[PlyCount "77"]
[EventDate "2023.03.03"]
[EventType "swiss"]
[EventRounds "9"]
[EventCountry "VIE"]
[SourceTitle "EXT 2024"]
[Source "ChessBase"]
[SourceDate "2023.10.10"]
[SourceVersion "1"]
[SourceVersionDate "2023.10.10"]
[SourceQuality "1"]

1. e4 e6 2. d4 d5 3. exd5 exd5 4. Nf3 Nc6 5. c4 dxc4 6. Bxc4 Be7 7. h3 Nf6 8. 0-0 0-0 9. Nc3 h6 10. Be3 b6 11. Ne5 Bb7 12. Ng6 Kh7 13. Nxf8+ Qxf8 14. Nd5 Na5 15. Bd3+ Kh8 16. Nxf6 Bxf6 17. Qh5 Nc6 18. Qf5 Qg8 19. Qd7 Ne7 20. Qxc7 Bd5 21. Rac1 Ng6 22. Bxg6 fxg6 23. Qg3 g5 24. b3 a5 25. Qd6 a4 26. Qxb6 axb3 27. axb3 Bxb3 28. Rc3 Bf7 29. Rfc1 Rf8 30. Qa6 Ra8 31. Qxa8 Qxa8 32. Rc8+ Qxc8 33. Rxc8+ Kh7 34. Rc7 Be6 35. Rc5 Kg6 36. d5 Bf5 37. d6 h5 38. Rc7 Be5 39. Bc5 1-0

[Event "VIE-ch U13 Girls"]
[Site "Ho Chi Minh City"]
[Date "2022.07.12"]
[Round "2"]
[White "Huynh, Phuc Minh Phuong"]
[Black "Ngo, Bao Quyen"]
[Result "1/2-1/2"]
[WhiteElo "2140"]
[BlackElo "2120"]
[PlyCount "50"]
[EventDate "2022.07.11"]
[EventType "swiss"]
[EventRounds "9"]
[EventCountry "VIE"]
[SourceTitle "EXT 2023"]
[Source "ChessBase"]
[SourceDate "2022.10.05"]
[SourceVersion "1"]
[SourceVersionDate "2022.10.05"]
[SourceQuality "1"]

1. e4 c5 2. Nf3 d6 3. d4 cxd4 4. Nxd4 Nf6 5. Nc3 g6 6. Be3 Bg7 7. f3 0-0 8. Qd2 Nc6 9. 0-0-0 d5 10. Nxc6 bxc6 11. exd5 cxd5 12. Nxd5 Nxd5 13. Qxd5 Qc7 14. Qc5 Qb7 15. Bd4 Bf5 16. Bc3 Rac8 17. Qb5 Qxb5 18. Bxb5 Bxc3 19. bxc3 Rxc3 20. Ba4 Rfc8 21. Rd2 Rb8 22. Bb3 Kg7 23. Rhd1 Kf6 24. Rd8 Rb7 25. Re1 Rbc7 1/2-1/2

[Event "VIE-ch U13 Girls"]
[Site "Ho Chi Minh City"]
[Date "2022.07.12"]
[Round "3"]
[White "Nguyen, Thuy Linh1111"]
[Black "Huynh, Phuc Minh Phuong"]
[Result "1-0"]
[WhiteElo "2145"]
[BlackElo "2140"]
[PlyCount "66"]
[EventDate "2022.07.11"]
[EventType "swiss"]
[EventRounds "9"]
[EventCountry "VIE"]
[SourceTitle "EXT 2023"]
[Source "ChessBase"]
[SourceDate "2022.10.05"]
[SourceVersion "1"]
[SourceVersionDate "2022.10.05"]
[SourceQuality "1"]

1. d4 d5 2. Nf3 Nf6 3. e3 Bf5 4. c4 c6 5. Qb3 Qb6 6. c5 Qxb3 7. axb3 Nbd7 8. b4 a6 9. b5 cxb5 10. Bxb5 Bxb1 11. Bxd7+ Nxd7 12. Rxb1 f6 13. b4 b5 14. Bd2 Nb8 15. Ke2 g6 16. Kd3 Bg7 17. Rhe1 e5 18. e4 dxe4+ 19. Rxe4 f5 20. Rxe5+ Bxe5 21. Nxe5 Nd7 22. Re1 Nxe5+ 23. Rxe5+ Kf7 24. d5 Rhd8 25. Kd4 Re8 26. f4 Kf6 27. c6 Red8 28. Kc5 Kf7 29. c7 Rdc8 30. Kc6 a5 31. bxa5 Ra6+ 32. Kd7 Rca8 33. c8Q Rxc8 1-0

[Event "Wch U10 Girls"]
[Site "Weifang"]
[Date "2019.08.31"]
[Round "10"]
[White "Kaliakhmet, Elnaz"]
[Black "Huynh, Phuc Minh Phuong"]
[Result "1-0"]
[WhiteElo "1538"]
[BlackElo "1254"]
[PlyCount "113"]
[EventDate "2019.08.21"]
[EventType "swiss"]
[EventRounds "11"]
[EventCountry "CHN"]
[SourceTitle "EXT 2020"]
[Source "ChessBase"]
[SourceDate "2019.10.17"]
[SourceVersion "1"]
[SourceVersionDate "2019.10.17"]
[SourceQuality "1"]

1. e4 e5 2. Nf3 Nc6 3. Bc4 Bc5 4. c3 Nf6 5. d4 exd4 6. e5 d5 7. Bb5 Ne4 8. cxd4 Bb4+ 9. Bd2 Nxd2 10. Bxc6+ bxc6 11. Nbxd2 Bd7 12. a3 Ba5 13. 0-0 0-0 14. Rc1 Rb8 15. b4 Bb6 16. Nb3 Qe7 17. Qd3 Ra8 18. Qc3 Bg4 19. Nfd2 Be2 20. Rfe1 Bb5 21. Re3 f5 22. f4 Qh4 23. Rf3 Rfe8 24. Nf1 Re6 25. Qd2 Rg6 26. Ng3 Rf8 27. Qc2 Ba4 28. Nxf5 Qd8 29. Rd1 Qd7 30. Ng3 Rg4 31. Ne2 Bb5 32. f5 Bxe2 33. Qxe2 Re4 34. Qf2 Rxe5 35. f6 gxf6 36. Rxf6 Rf5 37. Qg3+ Qg7 38. Rxf5 Rxf5 39. Qh3 Qf6 40. Qg4+ Rg5 41. Qc8+ Kg7 42. Qd7+ Kh6 43. Rd3 Kg6 44. a4 Qd6 45. Qe8+ Kg7 46. a5 Qxb4 47. axb6 cxb6 48. Qd7+ Kg6 49. Qe6+ Kg7 50. Rf3 Kh8 51. Qf6+ Rg7 52. Re3 h5 53. Re8+ Kh7 54. Qf5+ Rg6 55. Qf7+ Kh6 56. Rh8+ Kg5 57. h4+ 1-0

[Event "VIE-chT (Women)"]
[Site "Ho Chi Minh City"]
[Date "2017.07.29"]
[Round "9.48"]
[White "Ngo, Bao Quyen"]
[Black "Huynh, Phuc Minh Phuong"]
[Result "0-1"]
[WhiteElo "1907"]
[BlackElo "1909"]
[PlyCount "96"]
[EventDate "2017.07.24"]
[EventType "team-swiss"]
[EventRounds "9"]
[EventCountry "VIE"]
[SourceTitle "EXT 2019"]
[Source "ChessBase"]
[SourceDate "2018.10.10"]
[SourceVersion "1"]
[SourceVersionDate "2018.10.10"]
[SourceQuality "1"]

1. e4 d5 2. exd5 Qxd5 3. Nc3 Qd6 4. d4 a6 5. Bc4 Nf6 6. Nf3 Bg4 7. Be3 e6 8. h3 Bh5 9. Qe2 Nbd7 10. d5 exd5 11. 0-0-0 c6 12. Rhe1 Be7 13. Bg5 0-0-0 14. Qxe7 Qxe7 15. Rxe7 dxc4 16. g4 Bg6 17. Rd4 Nb6 18. Rxd8+ Rxd8 19. Ne5 Nbd5 20. Rxf7 Bxf7 21. Nxf7 Rd7 22. Ne5 Re7 23. Nxc4 Nxc3 24. bxc3 Kc7 25. Kd2 Ne4+ 26. Kd3 Nxg5 27. h4 Nf3 28. h5 Ne5+ 29. Nxe5 Rxe5 30. f4 Ra5 31. g5 Rxa2 32. f5 Ra5 33. Ke4 Kd6 34. Kf4 Ra4+ 35. Kg3 Ke5 36. h6 gxh6 37. g6 hxg6 38. fxg6 Kf6 39. g7 Kxg7 40. Kh3 Ra3 41. Kh4 Rxc3 42. Kh5 a5 43. Kh4 a4 44. Kh5 a3 45. Kh4 a2 46. Kh5 a1Q 47. Kh4 Qg1 48. Kh5 Rh3# 0-1

[Event "VIE-chT (Women)"]
[Site "Ho Chi Minh City"]
[Date "2017.07.28"]
[Round "7.45"]
[White "Ly, Nguyen Ngoc Tran"]
[Black "Huynh, Phuc Minh Phuong"]
[Result "1-0"]
[WhiteElo "1895"]
[BlackElo "1909"]
[PlyCount "57"]
[EventDate "2017.07.24"]
[EventType "team-swiss"]
[EventRounds "9"]
[EventCountry "VIE"]
[SourceTitle "EXT 2019"]
[Source "ChessBase"]
[SourceDate "2018.10.10"]
[SourceVersion "1"]
[SourceVersionDate "2018.10.10"]
[SourceQuality "1"]

1. e4 d5 2. exd5 Qxd5 3. Nc3 Qd6 4. d4 a6 5. Bc4 Nf6 6. Nf3 Bf5 7. 0-0 e6 8. Re1 Be7 9. Be3 Nbd7 10. Nh4 Be4 11. Nxe4 Nxe4 12. Qg4 Bxh4 13. Qxh4 Nef6 14. Qf4 Qc6 15. Bd3 Rb8 16. c4 0-0 17. Qg3 Kh8 18. Bf4 Nh5 19. Qh4 Ndf6 20. Be5 b5 21. cxb5 axb5 22. g4 Qf3 23. gxh5 Qxd3 24. Bxf6 Qf3 25. Be5 Rfc8 26. Re3 Qd5 27. Rg3 h6 28. Rxg7 Qc6 29. Rxf7+ 1-0

[Event "VIE-chT (Women)"]
[Site "Ho Chi Minh City"]
[Date "2017.07.26"]
[Round "5.48"]
[White "Huynh, Phuc Minh Phuong"]
[Black "Nguyen, Huynh Tu Phuong"]
[Result "1/2-1/2"]
[WhiteElo "1909"]
[BlackElo "1908"]
[PlyCount "67"]
[EventDate "2017.07.24"]
[EventType "team-swiss"]
[EventRounds "9"]
[EventCountry "VIE"]
[SourceTitle "EXT 2019"]
[Source "ChessBase"]
[SourceDate "2018.10.10"]
[SourceVersion "1"]
[SourceVersionDate "2018.10.10"]
[SourceQuality "1"]

1. b3 e5 2. Bb2 Nc6 3. e4 Bc5 4. Nf3 d6 5. d3 Nf6 6. c4 0-0 7. Nbd2 h6 8. Be2 Bd7 9. 0-0 a6 10. h3 Qe7 11. Rc1 Nh7 12. Qc2 Qf6 13. Kh1 Rfe8 14. Nh2 Ng5 15. Ng4 Bxg4 16. Bxg4 Ne7 17. f4 Nh7 18. fxe5 Qg5 19. exd6 Bxd6 20. Nf3 Qg6 21. Qc3 h5 22. Bf5 Nxf5 23. exf5 Qg3 24. Rce1 f6 25. c5 Bf4 26. Qc4+ Kh8 27. Rxe8+ Rxe8 28. Qf7 Re2 29. Rg1 Rxb2 30. Qe8+ Nf8 31. Qxf8+ Kh7 32. Qf7 Qxf3 33. Qg6+ Kh8 34. Qe8+ 1/2-1/2